Co schází české měnové politice

Podmienky vstupu ČR do Európskej únie. Menová politika ČR - systém riadenia a realizácia. Prispôsobovanie sa cieľov peňažnej politiky. Cenová stabilita - medzicieľ - rast určitého menového agregátu alebo vývoj menového kurzu. Priorita menových agregátov. Diferencie v metódach peňažnej emisie. Emisné...

ver descrição completa

Na minha lista:
Detalhes bibliográficos
Autor principal: Vencovský, František
Formato: Capítulo de Livro
Idioma:tcheco
Assuntos:
Tags: Adicionar Tag
Sem tags, seja o primeiro a adicionar uma tag!

MARC

LEADER 00000naa a2200000 4500
001 r024671
005 20221205085929.7
041 0 |a cze 
044 |a CZ 
245 1 0 |a Co schází české měnové politice  |c František Vencovský 
520 |a Podmienky vstupu ČR do Európskej únie. Menová politika ČR - systém riadenia a realizácia. Prispôsobovanie sa cieľov peňažnej politiky. Cenová stabilita - medzicieľ - rast určitého menového agregátu alebo vývoj menového kurzu. Priorita menových agregátov. Diferencie v metódach peňažnej emisie. Emisné nástroje a metódy peňažnej emisie v západoeurópskych krajinách a v ČR. 
610 2 0 |a politika menová 
610 2 0 |a politika peňažná 
610 2 0 |a stabilita cien 
610 2 0 |a kurz menový 
610 2 0 |a emisia 
610 2 0 |a Česko 
610 2 0 |a západná Európa 
100 1 |a Vencovský, František